00808 a2200193 45000010006000000050017000060080041000230030015000640400040000790800040001192450040001592640080001993000019002795050219002981000021005177000022005387000032005607000022005925332120260407155807.0260407a1965 arg spa dAR-UNSa-BCEJYS aAR-UNSa-BCEJYSbspacAR-UNSa-BCEJYS a338.5.01xTeorías de los precios 10aProblemas de la teoría del precio 1aMéxico :bUnión Tipográfica Editorial Hispano-Americana (UTEHA)c1965 a165 p.c26 cm. a1. Demanda - 2. Oferta - 3. Precio del mercado - 4. Teoría de la conducta del consumidor - 5. teoría de la empresa - 6. Equilibrio a corto y largo plazo - 7. Precio del factor e ingreso en una economía modelo1 aAllen, Clark Lee1 aMorgner, Aurelius1 aVinos Cruz-López, Ricardo1 aStrotz, Robert H.